[Event "DVM U20 2021"]
[Site "Kiel GER"]
[Date "2022.07.25"]
[Round "6"]
[White "Gallas, Noel"]
[Black "Wegmer, Leon"]
[Result "0-1"]
[Termination "normal"]
[Board "5.4"]
[WhiteElo "1905"]
[BlackElo "1912"]
[WhiteClock "00:01:13"]
[BlackClock "00:36:05"]
[WhiteTeam "Schachfreunde Essen-Katernberg 04/32 e. V."]
[BlackTeam "Karlsruher SF 1853"]
[PlyCount "60"]
[WhiteFideId "16216059"]
[BlackFideId "12983748"]
[EventCountry "GER"]
[EventRounds "7"]
[EventType "team-swiss"]
[EventDate "2022.07.22"]

1. e4 {[%clk 01:30:52]} {[%emt 00:00:08]} c5 {[%clk 01:30:59]} {[%emt
00:00:01]} 2. Nf3 {[%clk 01:30:54]} {[%emt 00:00:28]} Nc6 {[%clk 01:31:27]}
{[%emt 00:00:02]} 3. g3 {[%clk 01:30:54]} {[%emt 00:00:30]} e6 {[%clk
01:31:34]} {[%emt 00:00:24]} 4. d4 {[%clk 01:18:53]} {[%emt 00:12:31]} cxd4
{[%clk 01:31:41]} {[%emt 00:00:23]} 5. Nxd4 {[%clk 01:18:57]} {[%emt 00:00:26]}
Nf6 {[%clk 01:30:30]} {[%emt 00:01:41]} 6. Bg2 {[%clk 01:13:52]} {[%emt
00:05:34]} Bc5 {[%clk 01:25:16]} {[%emt 00:05:42]} 7. Nb3 {[%clk 01:11:44]}
{[%emt 00:02:40]} Be7 {[%clk 01:25:40]} {[%emt 00:00:06]} 8. Nc3 {[%clk
01:10:27]} {[%emt 00:01:47]} O-O {[%clk 01:25:13]} {[%emt 00:00:58]} 9. Be3
{[%clk 01:04:17]} {[%emt 00:06:40]} Ne5 {[%clk 01:18:30]} {[%emt 00:07:13]} 10.
Qe2 {[%clk 00:55:10]} {[%emt 00:09:37]} Qc7 {[%clk 01:13:26]} {[%emt 00:05:33]}
11. O-O-O {[%clk 00:41:17]} {[%emt 00:14:23]} a6 {[%clk 01:08:08]} {[%emt
00:05:49]} 12. f4 {[%clk 00:34:33]} {[%emt 00:07:14]} Nc4 {[%clk 01:06:37]}
{[%emt 00:02:00]} 13. Bf2 {[%clk 00:28:50]} {[%emt 00:06:13]} Rb8 {[%clk
00:55:44]} {[%emt 00:11:23]} 14. e5 {[%clk 00:20:28]} {[%emt 00:08:52]} Ne8
{[%clk 00:56:00]} {[%emt 00:00:14]} 15. Qd3 {[%clk 00:11:15]} {[%emt 00:09:42]}
b5 {[%clk 00:53:58]} {[%emt 00:02:32]} 16. Ne4 {[%clk 00:09:50]} {[%emt
00:01:55]} d6 {[%clk 00:43:43]} {[%emt 00:10:45]} 17. exd6 {[%clk 00:07:38]}
{[%emt 00:02:42]} Nexd6 {[%clk 00:44:00]} {[%emt 00:00:13]} 18. Nxd6 {[%clk
00:06:28]} {[%emt 00:01:40]} Bxd6 {[%clk 00:43:14]} {[%emt 00:01:16]} 19. Bd4
{[%clk 00:04:00]} {[%emt 00:02:58]} a5 {[%clk 00:41:09]} {[%emt 00:02:35]} 20.
Be4 {[%clk 00:01:40]} {[%emt 00:02:50]} f5 {[%clk 00:39:36]} {[%emt 00:02:03]}
21. Bg2 {[%clk 00:01:39]} {[%emt 00:00:31]} a4 {[%clk 00:38:15]} {[%emt
00:01:51]} 22. Nd2 {[%clk 00:01:42]} {[%emt 00:00:27]} Rd8 {[%clk 00:37:58]}
{[%emt 00:00:47]} 23. Nf3 {[%clk 00:00:45]} {[%emt 00:01:27]} b4 {[%clk
00:37:35]} {[%emt 00:00:53]} 24. Be5 {[%clk 00:00:42]} {[%emt 00:00:33]} b3
{[%clk 00:36:50]} {[%emt 00:01:15]} 25. axb3 {[%clk 00:00:39]} {[%emt
00:00:33]} axb3 {[%clk 00:37:12]} {[%emt 00:00:09]} 26. Bxd6 {[%clk 00:00:34]}
{[%emt 00:00:34]} Rxd6 {[%clk 00:36:50]} {[%emt 00:00:52]} 27. Qc3 {[%clk
00:00:40]} {[%emt 00:00:24]} Ra8 {[%clk 00:35:25]} {[%emt 00:01:55]} 28. Kb1
{[%clk 00:00:33]} {[%emt 00:00:36]} Ra1+ {[%clk 00:35:12]} {[%emt 00:00:44]}
29. Kxa1 {[%clk 00:00:49]} {[%emt 00:00:14]} Qa7+ {[%clk 00:35:37]} {[%emt
00:00:05]} 30. Kb1 {[%clk 00:01:13]} {[%emt 00:00:05]} Qa2+ {[%clk 00:36:05]}
{[%emt 00:00:02]} 0-1

[Event "DVM U20 2021"]
[Site "Kiel GER"]
[Date "2022.07.25"]
[Round "6"]
[White "Wang, Xinyuan"]
[Black "Beetz, Ole"]
[Result "1-0"]
[Termination "normal"]
[Board "5.5"]
[WhiteElo "1875"]
[BlackElo "1601"]
[WhiteClock "00:48:25"]
[BlackClock "00:44:29"]
[WhiteTeam "Karlsruher SF 1853"]
[BlackTeam "Schachfreunde Essen-Katernberg 04/32 e. V."]
[PlyCount "43"]
[WhiteFideId "16221494"]
[BlackFideId "34628339"]
[EventCountry "GER"]
[EventRounds "7"]
[EventType "team-swiss"]
[EventDate "2022.07.22"]

1. d4 {[%clk 01:31:00]} Nf6 {[%clk 01:30:49]} {[%emt 00:00:11]} 2. c4 {[%clk
01:31:26]} {[%emt 00:00:04]} e6 {[%clk 01:31:11]} {[%emt 00:00:07]} 3. Nc3
{[%clk 01:31:54]} {[%emt 00:00:03]} Bb4 {[%clk 01:31:31]} {[%emt 00:00:10]} 4.
Qc2 {[%clk 01:32:20]} {[%emt 00:00:04]} O-O {[%clk 01:31:31]} {[%emt 00:00:29]}
5. a3 {[%clk 01:32:44]} {[%emt 00:00:06]} Bxc3+ {[%clk 01:31:51]} {[%emt
00:00:10]} 6. Qxc3 {[%clk 01:33:11]} {[%emt 00:00:03]} b5 {[%clk 01:32:07]}
{[%emt 00:00:14]} 7. e3 {[%clk 01:30:10]} {[%emt 00:03:31]} bxc4 {[%clk
01:32:17]} {[%emt 00:00:20]} 8. Bxc4 {[%clk 01:30:35]} {[%emt 00:00:05]} d5
{[%clk 01:32:39]} {[%emt 00:00:08]} 9. Bd3 {[%clk 01:30:56]} {[%emt 00:00:09]}
a5 {[%clk 01:32:45]} {[%emt 00:00:24]} 10. b4 {[%clk 01:29:21]} {[%emt
00:02:05]} axb4 {[%clk 01:30:08]} {[%emt 00:03:07]} 11. axb4 {[%clk 01:29:41]}
{[%emt 00:00:10]} Rxa1 {[%clk 01:30:01]} {[%emt 00:00:36]} 12. Qxa1 {[%clk
01:30:06]} {[%emt 00:00:06]} Qd6 {[%clk 01:25:19]} {[%emt 00:05:12]} 13. Qc3
{[%clk 01:24:17]} {[%emt 00:06:19]} Nbd7 {[%clk 01:18:44]} {[%emt 00:07:05]}
14. Nf3 {[%clk 01:20:19]} {[%emt 00:04:28]} Ne4 {[%clk 01:15:59]} {[%emt
00:03:15]} 15. Qb3 {[%clk 01:16:43]} {[%emt 00:04:06]} Nb6 {[%clk 01:12:07]}
{[%emt 00:04:21]} 16. Ba3 {[%clk 01:12:02]} {[%emt 00:05:12]} Qd8 {[%clk
01:09:24]} {[%emt 00:03:13]} 17. O-O {[%clk 01:11:19]} {[%emt 00:01:12]} Bd7
{[%clk 01:04:56]} {[%emt 00:04:58]} 18. b5 {[%clk 01:10:53]} {[%emt 00:00:56]}
Nd6 {[%clk 01:01:37]} {[%emt 00:03:49]} 19. Rc1 {[%clk 01:09:06]} {[%emt
00:02:17]} Qb8 {[%clk 00:59:54]} {[%emt 00:02:13]} 20. Ne5 {[%clk 01:06:19]}
{[%emt 00:03:17]} Rd8 {[%clk 00:51:21]} {[%emt 00:09:03]} 21. Qc2 {[%clk
00:48:08]} {[%emt 00:18:41]} Nxb5 {[%clk 00:44:29]} {[%emt 00:07:22]} 22. Bxh7+
{[%clk 00:48:25]} {[%emt 00:00:13]} 1-0

[Event "DVM U20 2021"]
[Site "Kiel GER"]
[Date "2022.07.25"]
[Round "6"]
[White "Vuckovic, Zarko"]
[Black "Schäfer, Daniel"]
[Result "1-0"]
[Termination "normal"]
[Board "6.1"]
[WhiteElo "2281"]
[BlackElo "1793"]
[WhiteClock "01:36:29"]
[BlackClock "00:07:00"]
[WhiteTeam "Schachfreunde Augsburg"]
[BlackTeam "Heilbronner SV"]
[PlyCount "107"]
[WhiteFideId "12952087"]
[BlackFideId "16235088"]
[EventCountry "GER"]
[EventRounds "7"]
[EventType "team-swiss"]
[EventDate "2022.07.22"]

1. e4 {[%clk 01:30:58]} e5 {[%clk 01:30:57]} {[%emt 00:00:04]} 2. Nf3 {[%clk
01:31:22]} {[%emt 00:00:05]} Nc6 {[%clk 01:31:26]} {[%emt 00:00:03]} 3. Bc4
{[%clk 01:31:45]} {[%emt 00:00:06]} Bc5 {[%clk 01:31:52]} {[%emt 00:00:03]} 4.
c3 {[%clk 01:32:08]} {[%emt 00:00:08]} Nf6 {[%clk 01:32:20]} {[%emt 00:00:02]}
5. d4 {[%clk 01:32:31]} {[%emt 00:00:07]} exd4 {[%clk 01:32:48]} {[%emt
00:00:03]} 6. e5 {[%clk 01:32:54]} {[%emt 00:00:07]} d5 {[%clk 01:33:16]}
{[%emt 00:00:02]} 7. Be2 {[%clk 01:33:18]} {[%emt 00:00:05]} Ne4 {[%clk
01:31:23]} {[%emt 00:02:23]} 8. cxd4 {[%clk 01:33:22]} {[%emt 00:00:26]} Bb6
{[%clk 01:29:58]} {[%emt 00:01:55]} 9. Nc3 {[%clk 01:33:46]} {[%emt 00:00:07]}
Bg4 {[%clk 01:26:48]} {[%emt 00:03:39]} 10. Be3 {[%clk 01:32:07]} {[%emt
00:02:09]} O-O {[%clk 01:26:08]} {[%emt 00:01:09]} 11. h3 {[%clk 01:31:06]}
{[%emt 00:01:31]} Bh5 {[%clk 01:22:14]} {[%emt 00:04:25]} 12. O-O {[%clk
01:30:43]} {[%emt 00:00:52]} f6 {[%clk 01:21:15]} {[%emt 00:01:29]} 13. exf6
{[%clk 01:31:01]} {[%emt 00:00:12]} Nxc3 {[%clk 01:15:48]} {[%emt 00:05:58]}
14. bxc3 {[%clk 01:31:19]} {[%emt 00:00:12]} Qxf6 {[%clk 01:16:01]} {[%emt
00:00:17]} 15. Qd2 {[%clk 01:28:25]} {[%emt 00:03:24]} Rae8 {[%clk 01:09:32]}
{[%emt 00:06:59]} 16. Rae1 {[%clk 01:28:35]} {[%emt 00:00:19]} Qd6 {[%clk
01:06:22]} {[%emt 00:03:40]} 17. Bd1 {[%clk 01:20:25]} {[%emt 00:08:40]} Na5
{[%clk 01:05:12]} {[%emt 00:01:41]} 18. Ne5 {[%clk 01:20:45]} {[%emt 00:00:10]}
Bxd1 {[%clk 01:00:57]} {[%emt 00:04:45]} 19. Qxd1 {[%clk 01:21:13]} {[%emt
00:00:02]} Nc6 {[%clk 00:54:00]} {[%emt 00:07:26]} 20. f4 {[%clk 01:20:50]}
{[%emt 00:00:54]} Ne7 {[%clk 00:48:54]} {[%emt 00:05:36]} 21. Qd3 {[%clk
01:20:49]} {[%emt 00:00:31]} Nf5 {[%clk 00:45:57]} {[%emt 00:03:26]} 22. Bf2
{[%clk 01:20:53]} {[%emt 00:00:26]} Qd8 {[%clk 00:42:59]} {[%emt 00:03:28]} 23.
g4 {[%clk 01:19:48]} {[%emt 00:01:35]} Nd6 {[%clk 00:43:03]} {[%emt 00:00:27]}
24. f5 {[%clk 01:16:41]} {[%emt 00:03:36]} Ne4 {[%clk 00:42:35]} {[%emt
00:00:58]} 25. Rxe4 {[%clk 01:16:59]} {[%emt 00:00:13]} dxe4 {[%clk 00:42:45]}
{[%emt 00:00:20]} 26. Qxe4 {[%clk 01:17:26]} {[%emt 00:00:03]} c5 {[%clk
00:38:43]} {[%emt 00:04:32]} 27. dxc5 {[%clk 01:17:14]} {[%emt 00:00:42]} Qc7
{[%clk 00:29:59]} {[%emt 00:09:14]} 28. Bd4 {[%clk 01:11:23]} {[%emt 00:06:22]}
Rxe5 {[%clk 00:23:09]} {[%emt 00:07:19]} 29. Qxe5 {[%clk 01:11:03]} {[%emt
00:00:50]} Qxe5 {[%clk 00:23:31]} {[%emt 00:00:07]} 30. Bxe5 {[%clk 01:11:29]}
{[%emt 00:00:05]} Bxc5+ {[%clk 00:23:55]} {[%emt 00:00:06]} 31. Kg2 {[%clk
01:10:26]} {[%emt 00:01:32]} Re8 {[%clk 00:20:32]} {[%emt 00:03:53]} 32. Re1
{[%clk 01:10:14]} {[%emt 00:00:42]} Kf7 {[%clk 00:17:13]} {[%emt 00:03:50]} 33.
Kf3 {[%clk 01:09:27]} {[%emt 00:01:16]} Rd8 {[%clk 00:14:12]} {[%emt 00:03:31]}
34. Ke2 {[%clk 01:08:52]} {[%emt 00:01:06]} Rd7 {[%clk 00:09:32]} {[%emt
00:05:10]} 35. Bf4 {[%clk 01:06:48]} {[%emt 00:02:33]} Bb6 {[%clk 00:09:08]}
{[%emt 00:00:55]} 36. Rd1 {[%clk 01:06:07]} {[%emt 00:01:11]} Re7+ {[%clk
00:09:13]} {[%emt 00:00:25]} 37. Kf3 {[%clk 01:06:31]} {[%emt 00:00:05]} g6
{[%clk 00:04:03]} {[%emt 00:05:41]} 38. Rd5 {[%clk 01:06:45]} {[%emt 00:00:16]}
gxf5 {[%clk 00:03:14]} {[%emt 00:01:19]} 39. Rxf5+ {[%clk 01:06:57]} {[%emt
00:00:18]} Kg6 {[%clk 00:02:49]} {[%emt 00:00:55]} 40. h4 {[%clk 01:07:15]}
{[%emt 00:00:12]} Kg7 {[%clk 00:00:59]} {[%emt 00:02:20]} 41. Be5+ {[%clk
01:06:05]} {[%emt 00:01:40]} Kg8 {[%clk 00:30:16]} {[%emt 00:01:12]} 42. Rg5+
{[%clk 01:36:29]} {[%emt 00:00:07]} Kf7 {[%clk 00:30:15]} {[%emt 00:00:31]} 43.
Ke4 {[%clk 01:36:45]} {[%emt 00:00:14]} Ke6 {[%clk 00:28:56]} {[%emt 00:01:49]}
44. Rh5 {[%clk 01:37:08]} {[%emt 00:00:06]} Rf7 {[%clk 00:17:20]} {[%emt
00:12:06]} 45. Rh6+ {[%clk 01:36:27]} {[%emt 00:01:11]} Ke7 {[%clk 00:15:16]}
{[%emt 00:02:34]} 46. Kd5 {[%clk 01:36:52]} {[%emt 00:00:06]} Be3 {[%clk
00:14:04]} {[%emt 00:01:42]} 47. Re6+ {[%clk 01:36:36]} {[%emt 00:00:45]} Kd7
{[%clk 00:13:56]} {[%emt 00:00:39]} 48. Rf6 {[%clk 01:36:45]} {[%emt 00:00:20]}
Re7 {[%clk 00:12:46]} {[%emt 00:01:41]} 49. Rd6+ {[%clk 01:36:14]} {[%emt
00:01:01]} Kc8 {[%clk 00:12:30]} {[%emt 00:00:46]} 50. Bf6 {[%clk 01:36:33]}
{[%emt 00:00:10]} Rf7 {[%clk 00:09:57]} {[%emt 00:03:04]} 51. Ke6 {[%clk
01:35:55]} {[%emt 00:01:08]} Rf8 {[%clk 00:10:25]} {[%emt 00:00:02]} 52. g5
{[%clk 01:35:53]} {[%emt 00:00:32]} Bc5 {[%clk 00:09:06]} {[%emt 00:01:48]} 53.
Rd5 {[%clk 01:36:10]} {[%emt 00:00:13]} Bf2 {[%clk 00:07:00]} {[%emt 00:02:37]}
54. Ke7 {[%clk 01:36:29]} {[%emt 00:00:11]} 1-0

[Event "DVM U20 2021"]
[Site "Kiel GER"]
[Date "2022.07.25"]
[Round "6"]
[White "Dietzel, Lukas"]
[Black "Weller, Uli"]
[Result "0-1"]
[Termination "normal"]
[Board "6.2"]
[WhiteElo "1564"]
[BlackElo "2195"]
[WhiteClock "00:20:04"]
[BlackClock "00:42:17"]
[WhiteTeam "Heilbronner SV"]
[BlackTeam "Schachfreunde Augsburg"]
[PlyCount "70"]
[WhiteFideId "16284313"]
[BlackFideId "12971782"]
[EventCountry "GER"]
[EventRounds "7"]
[EventType "team-swiss"]
[EventDate "2022.07.22"]

1. e4 {[%clk 01:30:58]} {[%emt 00:00:02]} c5 {[%clk 01:30:55]} {[%emt
00:00:05]} 2. c3 {[%clk 01:30:38]} {[%emt 00:00:51]} g6 {[%clk 01:31:16]}
{[%emt 00:00:08]} 3. d4 {[%clk 01:30:49]} {[%emt 00:00:20]} cxd4 {[%clk
01:31:39]} {[%emt 00:00:06]} 4. cxd4 {[%clk 01:31:16]} {[%emt 00:00:04]} d5
{[%clk 01:32:00]} {[%emt 00:00:09]} 5. e5 {[%clk 01:30:09]} {[%emt 00:01:37]}
Nc6 {[%clk 01:31:05]} {[%emt 00:01:24]} 6. Nf3 {[%clk 01:29:57]} {[%emt
00:00:43]} Bg4 {[%clk 01:30:46]} {[%emt 00:00:49]} 7. Be2 {[%clk 01:24:17]}
{[%emt 00:06:10]} Nh6 {[%clk 01:18:32]} {[%emt 00:12:43]} 8. Nbd2 {[%clk
01:18:33]} {[%emt 00:06:15]} Qb6 {[%clk 01:15:29]} {[%emt 00:03:33]} 9. Qb3
{[%clk 01:13:30]} {[%emt 00:05:34]} Nf5 {[%clk 01:13:37]} {[%emt 00:02:21]} 10.
Qa4 {[%clk 01:06:02]} {[%emt 00:07:58]} Bxf3 {[%clk 01:00:08]} {[%emt
00:13:59]} 11. Nxf3 {[%clk 00:55:43]} {[%emt 00:10:50]} Nfxd4 {[%clk 00:59:39]}
{[%emt 00:00:59]} 12. Nxd4 {[%clk 00:56:00]} {[%emt 00:00:14]} Qxd4 {[%clk
01:00:00]} {[%emt 00:00:08]} 13. Qxd4 {[%clk 00:55:39]} {[%emt 00:00:52]} Nxd4
{[%clk 01:00:27]} {[%emt 00:00:02]} 14. Bd3 {[%clk 00:55:15]} {[%emt 00:00:54]}
Bg7 {[%clk 00:58:33]} {[%emt 00:02:24]} 15. f4 {[%clk 00:54:08]} {[%emt
00:01:37]} O-O {[%clk 00:57:24]} {[%emt 00:01:38]} 16. h4 {[%clk 00:45:47]}
{[%emt 00:08:52]} Rac8 {[%clk 00:53:21]} {[%emt 00:04:32]} 17. Kf2 {[%clk
00:43:53]} {[%emt 00:02:24]} f6 {[%clk 00:48:58]} {[%emt 00:04:53]} 18. exf6
{[%clk 00:39:56]} {[%emt 00:04:28]} Rxf6 {[%clk 00:47:48]} {[%emt 00:01:40]}
19. g4 {[%clk 00:36:34]} {[%emt 00:03:52]} e5 {[%clk 00:46:20]} {[%emt
00:01:58]} 20. Kg3 {[%clk 00:34:23]} {[%emt 00:02:41]} Rcf8 {[%clk 00:44:10]}
{[%emt 00:02:39]} 21. Rf1 {[%clk 00:33:13]} {[%emt 00:01:40]} e4 {[%clk
00:44:24]} {[%emt 00:00:16]} 22. Be3 {[%clk 00:30:44]} {[%emt 00:03:00]} Rb6
{[%clk 00:41:32]} {[%emt 00:03:21]} 23. Bxd4 {[%clk 00:26:27]} {[%emt
00:04:48]} Bxd4 {[%clk 00:41:52]} {[%emt 00:00:08]} 24. Bc2 {[%clk 00:25:57]}
{[%emt 00:01:02]} Rxb2 {[%clk 00:40:37]} {[%emt 00:01:45]} 25. Bb3 {[%clk
00:25:05]} {[%emt 00:01:21]} Rxb3+ {[%clk 00:40:07]} {[%emt 00:01:00]} 26. axb3
{[%clk 00:25:27]} {[%emt 00:00:09]} Bxa1 {[%clk 00:40:27]} {[%emt 00:00:09]}
27. Rxa1 {[%clk 00:25:46]} {[%emt 00:00:11]} Rc8 {[%clk 00:40:51]} {[%emt
00:00:06]} 28. Rxa7 {[%clk 00:23:42]} {[%emt 00:02:34]} Rc3+ {[%clk 00:41:14]}
{[%emt 00:00:07]} 29. Kf2 {[%clk 00:22:10]} {[%emt 00:02:03]} Rxb3 {[%clk
00:41:32]} {[%emt 00:00:11]} 30. Ra8+ {[%clk 00:21:10]} {[%emt 00:01:30]} Kg7
{[%clk 00:41:50]} {[%emt 00:00:12]} 31. Rd8 {[%clk 00:21:17]} {[%emt 00:00:24]}
Rf3+ {[%clk 00:41:21]} {[%emt 00:00:58]} 32. Ke2 {[%clk 00:20:10]} {[%emt
00:01:38]} Rxf4 {[%clk 00:41:42]} {[%emt 00:00:08]} 33. Rxd5 {[%clk 00:20:04]}
{[%emt 00:00:37]} Rxg4 {[%clk 00:41:58]} {[%emt 00:00:14]} 34. Rd7+ {[%clk
00:19:54]} {[%emt 00:00:40]} Kh6 {[%clk 00:41:57]} {[%emt 00:00:31]} 35. Rxb7
{[%clk 00:20:04]} {[%emt 00:00:19]} Rxh4 {[%clk 00:42:17]} {[%emt 00:00:10]}
0-1

[Event "DVM U20 2021"]
[Site "Kiel GER"]
[Date "2022.07.25"]
[Round "6"]
[White "McPherson, Elisha"]
[Black "Wolff, Calvin"]
[Result "1-0"]
[Termination "normal"]
[Board "6.3"]
[WhiteElo "2006"]
[BlackElo "1390"]
[WhiteClock "00:02:07"]
[BlackClock "00:44:23"]
[WhiteTeam "Schachfreunde Augsburg"]
[BlackTeam "Heilbronner SV"]
[PlyCount "67"]
[WhiteFideId "16255852"]
[BlackFideId "16269969"]
[EventCountry "GER"]
[EventRounds "7"]
[EventType "team-swiss"]
[EventDate "2022.07.22"]

1. e4 {[%clk 01:30:58]} {[%emt 00:00:01]} e5 {[%clk 01:30:53]} {[%emt
00:00:07]} 2. Nf3 {[%clk 01:31:23]} {[%emt 00:00:05]} Nc6 {[%clk 01:31:15]}
{[%emt 00:00:09]} 3. d4 {[%clk 01:31:49]} {[%emt 00:00:04]} exd4 {[%clk
01:31:37]} {[%emt 00:00:08]} 4. Bc4 {[%clk 01:32:14]} {[%emt 00:00:04]} Bc5
{[%clk 01:27:44]} {[%emt 00:04:23]} 5. c3 {[%clk 01:32:33]} {[%emt 00:00:11]}
dxc3 {[%clk 01:27:18]} {[%emt 00:00:57]} 6. Bxf7+ {[%clk 01:32:50]} {[%emt
00:00:13]} Kxf7 {[%clk 01:27:03]} {[%emt 00:00:44]} 7. Qd5+ {[%clk 01:33:13]}
{[%emt 00:00:08]} Kf8 {[%clk 01:26:35]} {[%emt 00:00:58]} 8. Qxc5+ {[%clk
01:33:34]} {[%emt 00:00:08]} Qe7 {[%clk 01:26:59]} {[%emt 00:00:06]} 9. Qe3
{[%clk 01:33:58]} {[%emt 00:00:06]} Nb4 {[%clk 01:23:54]} {[%emt 00:03:36]} 10.
Qe2 {[%clk 01:17:35]} {[%emt 00:16:53]} cxb2 {[%clk 01:20:16]} {[%emt
00:04:07]} 11. Bxb2 {[%clk 01:17:48]} {[%emt 00:00:16]} b6 {[%clk 01:20:23]}
{[%emt 00:00:24]} 12. Nd4 {[%clk 00:52:40]} {[%emt 00:25:38]} Ba6 {[%clk
01:19:50]} {[%emt 00:01:03]} 13. Qf3+ {[%clk 00:51:24]} {[%emt 00:01:46]} Nf6
{[%clk 01:19:10]} {[%emt 00:01:11]} 14. Nf5 {[%clk 00:16:13]} {[%emt 00:35:41]}
Qe8 {[%clk 01:14:45]} {[%emt 00:04:54]} 15. Ba3 {[%clk 00:02:26]} {[%emt
00:14:17]} c5 {[%clk 01:11:58]} {[%emt 00:03:16]} 16. Bxb4 {[%clk 00:02:43]}
{[%emt 00:00:13]} cxb4 {[%clk 01:12:07]} {[%emt 00:00:22]} 17. Nd2 {[%clk
00:02:24]} {[%emt 00:00:48]} d5 {[%clk 01:12:01]} {[%emt 00:00:36]} 18. Qg3
{[%clk 00:01:38]} {[%emt 00:01:16]} Qd7 {[%clk 01:05:41]} {[%emt 00:06:50]} 19.
Rc1 {[%clk 00:01:47]} {[%emt 00:00:22]} Nxe4 {[%clk 01:04:08]} {[%emt
00:02:03]} 20. Qf4 {[%clk 00:00:53]} {[%emt 00:01:23]} Nf6 {[%clk 01:03:03]}
{[%emt 00:01:35]} 21. Rc7 {[%clk 00:00:42]} {[%emt 00:00:42]} Re8+ {[%clk
01:02:40]} {[%emt 00:00:53]} 22. Kd1 {[%clk 00:00:56]} {[%emt 00:00:16]} Qa4+
{[%clk 01:02:10]} {[%emt 00:01:00]} 23. Nb3 {[%clk 00:00:35]} {[%emt 00:00:51]}
Be2+ {[%clk 00:59:04]} {[%emt 00:03:35]} 24. Kc1 {[%clk 00:00:53]} {[%emt
00:00:13]} Qa3+ {[%clk 00:57:58]} {[%emt 00:01:36]} 25. Kb1 {[%clk 00:01:16]}
{[%emt 00:00:07]} Bd3+ {[%clk 00:56:55]} {[%emt 00:01:34]} 26. Ka1 {[%clk
00:01:45]} {[%emt 00:00:01]} Bxf5 27. Qxf5 {[%clk 00:02:13]} Qa6 {[%clk
00:48:16]} {[%emt 00:06:10]} 28. Rhc1 {[%clk 00:01:54]} {[%emt 00:00:48]} Qe2
{[%clk 00:44:42]} {[%emt 00:04:04]} 29. Rc8 {[%clk 00:00:48]} {[%emt 00:01:37]}
Ke7 {[%clk 00:42:58]} {[%emt 00:02:14]} 30. R8c7+ {[%clk 00:01:04]} {[%emt
00:00:14]} Kf8 {[%clk 00:43:19]} {[%emt 00:00:09]} 31. Rc8 {[%clk 00:01:30]}
{[%emt 00:00:03]} Ke7 {[%clk 00:43:43]} {[%emt 00:00:07]} 32. R1c7+ {[%clk
00:01:42]} {[%emt 00:00:18]} Kd6 {[%clk 00:44:09]} {[%emt 00:00:04]} 33. Rc6+
{[%clk 00:01:49]} {[%emt 00:00:22]} Ke7 {[%clk 00:44:23]} {[%emt 00:00:16]} 34.
R8c7+ {[%clk 00:02:07]} {[%emt 00:00:13]} 1-0